[Event "GEO-ch 1st League 2021"]
[Site "Tbilisi"]
[Date "2021.03.29"]
[Round "1.10"]
[White "Safarov, Deniel"]
[Black "Chkhaidze, Nikoloz"]
[Result "1/2-1/2"]
[WhiteElo "1720"]
[BlackElo "2307"]
[Annotator "TA"]
[PlyCount "101"]
[EventDate "2021.03.29"]
[EventType "swiss"]
[EventCountry "GEO"]
[SourceTitle "playchess.com"]
[Source "ChessBase"]
[SourceQuality "1"]

{[%evp 23,101,0,0,-5,14,0,0,-34,15,16,3,38,109,119,94,29,101,41,221,124,130,102,148,142,152,150,161,139,187,104,291,252,264,249,415,232,378,429,426,325,408,370,434,438,457,446,1058,683,713,625,974,566,538,472,437,436,420,315,419,346,334,146,133,109,395,396,396,370,228,49,389,389,362,327,330,0,0,0,276,0]} 1. e4 c5 2. Nf3 e6 3. d4 cxd4 4. Nxd4 Nc6 5. Nc3 Qc7 6. Nb3 a6 7. Bd3 b5 8. O-O Bb7 9. f4 Nf6 10. Qf3 d6 11. Be3 {was the old line (11.Bd2).} Be7 12. Qh3 h5 13. Kh1 {B82: Sicilian Scheveningen: 6 f4.} Rd8 14. Rad1 {[#]} h4 $146 ({Predecessor:} 14... d5 15. exd5 Nxd5 16. Nxd5 Rxd5 17. f5 Bc8 18. Be4 Rxd1 19. Rxd1 exf5 20. Bxf5 Bxf5 21. Qxf5 {0-1 (50) Kazarian,A (2091)-Keetman,M (2194) Amsterdam 2015}) 15. f5 {The position is equal.} e5 16. Nd5 Nxd5 17. exd5 Nb4 ({Black should try} 17... Nb8 $14) 18. Be4 $16 a5 (18... Nxc2 $2 19. Rc1 $18) 19. Bd2 (19. c3 $16 Nxa2 20. Ra1) 19... Ra8 (19... Bxd5 $11 {keeps the balance.} 20. Bxb4 Bxb3 21. Bxa5 (21. axb3 axb4 22. Rd5 Qb6 $11) 21... Qxa5 22. axb3 b4) 20. a3 (20. Qg4 $16 h3 21. Qxg7) 20... Qc4 $2 21. axb4 ({White should play} 21. Qf3 $18 Na6 22. Nxa5) 21... Qxe4 {[#]} 22. Rfe1 $1 $36 {[%cal Re1e4][%mdl 2048] White is in control.} Qxd5 23. Nxa5 Rxa5 24. bxa5 Qc4 25. Be3 Rh5 26. a6 (26. Ra1 $18) 26... Ba8 $2 (26... Bxa6 $16 27. Qf3 Rh7) 27. Rd3 $18 b4 28. a7 Qc8 $2 (28... f6 29. Kg1 Kf7) 29. Bg1 (29. Qg4 $142 Rxf5 30. Qxb4 (30. Qxg7 Bf8 $16)) 29... Rxf5 {[#]} (29... Qxf5 $142 30. Qxf5 Rxf5) 30. Rf1 $3 {[%mdl 512]} g6 31. Rxf5 gxf5 {[#]} 32. Rf3 $1 {[%mdl 512]} Qxc2 (32... Bd8 33. Rxf5) 33. Rxf5 Qc8 34. Qg4 Qc6 (34... Bc6 $142 35. Qg8+ Kd7 36. Qxc8+ (36. Qxf7 h3 $18) 36... Kxc8 37. Rxf7 h3) 35. h3 Bf8 36. Rf2 d5 37. Qf5 Qe6 38. Qxe6+ fxe6 {[%mdl 4096] Endgame KRB-KB} 39. Rc2 {Threatens to win with Rc8+.} Kd7 40. Bf2 Be7 41. Kg1 d4 42. g4 (42. Kf1 $18 {has better winning chances.}) 42... hxg3 $16 43. Bxg3 Bf6 {[%mdl 8192]} (43... d3 $16 44. Rc1 Bg5) 44. Kf2 $18 d3 45. Rd2 e4 {[#] ...Bd4+ would now be nice for Black.} 46. Ke3 (46. Bf4 $1 $18) 46... Bd8 $2 {[%mdl 8192]} (46... e5 $1 $14 47. h4 Bg7) 47. Be5 Bg5+ 48. Bf4 Bd8 {[%cal Rd8b6]} 49. Be5 Bg5+ $1 50. Bf4 Bd8 {[%cal Rd8b6]} 51. Be5 $2 {Weighted Error Value: White=0.64/Black=0.71} (51. Kf2 $18) 1/2-1/2

[Event "GEO-ch 1st League 2021"]
[Site "Tbilisi"]
[Date "2021.03.29"]
[Round "1.11"]
[White "Lomsadze, Davit"]
[Black "Gabunia, Davit"]
[Result "1-0"]
[WhiteElo "2303"]
[BlackElo "1715"]
[Annotator "TA"]
[PlyCount "61"]
[EventDate "2021.03.29"]
[EventType "swiss"]
[EventCountry "GEO"]
[SourceTitle "playchess.com"]
[Source "ChessBase"]
[SourceQuality "1"]

{[%evp 16,61,19,0,20,-3,3,-42,50,16,38,28,36,32,85,85,85,85,85,85,97,90,90,89,102,50,89,89,85,85,125,126,128,122,187,153,197,116,254,231,342,330,802,805,802,798,741,733]} 1. Nf3 d5 2. g3 c6 3. Bg2 Bf5 4. O-O h6 5. c4 e6 6. b3 Nf6 7. Bb2 Nbd7 8. d4 Bd6 9. Nbd2 {[%cal Bb1d2,Bd2f3,Bf3e5][%mdl 32]} Ne4 {D11: Slav Defence: 3 Nf3 sidelines and 3...Nf6 4 e3 Bg4.} 10. Ne1 Ndf6 {[#]} 11. Ndf3 $146 ({Predecessor:} 11. Nd3 O-O 12. f3 Nxd2 13. Qxd2 a5 14. a3 Qe7 15. Nf2 Bg6 16. e4 dxe4 17. fxe4 {0-1 (37) Firsov,O (1990)-Koshaev,V (2118) Krasnoyarsk 2015}) 11... O-O (11... h5 $15) 12. Nd3 Rc8 13. c5 Bb8 14. Nfe5 b6 (14... Nd7 $14) 15. f3 $16 Ng5 16. Rc1 {Hoping for cxb6.} Bxd3 17. exd3 bxc5 18. f4 Ngh7 19. dxc5 Nd7 20. Kh1 (20. d4 $16) 20... Nxe5 21. fxe5 Qg5 22. Qe2 Rfe8 23. Bh3 Rc7 24. Rf4 h5 (24... Qe7 $16 25. Bg4 Rb7) 25. Rcf1 Rce7 26. d4 (26. Rh4 $18 g6 27. d4) 26... Qh6 {This move loses the game for Black.} (26... f6 $16 {was worth a try.} 27. Rh4 fxe5) 27. Bc1 $18 {aiming for Rf6.} g6 {[#]} (27... g5 $142) 28. Rxf7 $1 {[%mdl 576] Discovered Attack} Qxc1 $2 (28... g5) 29. Rxe7 {White is clearly winning.} Qxf1+ 30. Qxf1 {Intending Qf7+! and mate.} Rxe7 31. Qa6 {Weighted Error Value: White=0.16/Black=0.36} 1-0

[Event "GEO-ch 1st League 2021"]
[Site "Tbilisi"]
[Date "2021.03.29"]
[Round "1.12"]
[White "Shamatava, Nikolozi"]
[Black "Volkov, Nika"]
[Result "1/2-1/2"]
[WhiteElo "1703"]
[BlackElo "2084"]
[Annotator "TA"]
[PlyCount "65"]
[EventDate "2021.03.29"]
[EventType "swiss"]
[EventCountry "GEO"]
[SourceTitle "playchess.com"]
[Source "ChessBase"]
[SourceQuality "1"]

{[%evp 13,65,0,4,0,4,-7,7,-7,-3,-17,39,29,46,31,40,46,33,42,44,-38,-32,-38,-40,-27,-20,-31,0,-20,0,0,11,11,11,9,14,0,14,11,62,0,0,0,0,-12,0,0,0,0,0,0,0,0,0,0]} 1. d4 d5 2. c4 c6 3. Qc2 Nf6 4. Nf3 dxc4 5. Qxc4 Bf5 6. g3 e6 7. Bg2 Be7 8. O-O {D23: Queen's Gambit Accepted: 3 Nf3 Nf6 sidelines.} O-O 9. Ne5 Nbd7 10. Nxd7 Qxd7 11. Nc3 Rac8 (11... Rad8 $11) 12. e4 $14 Bg6 13. Rd1 Rfd8 {[#]} 14. Qe2 $146 ({Predecessor:} 14. Bf4 h6 15. Rac1 Bf8 16. Qe2 b6 17. h3 Qe7 18. Be3 b5 19. e5 Nd5 20. Nxd5 cxd5 21. Qxb5 {½-½ (29) Srebrnic,A (2203)-Heinatz,G (2197) Meissen 2013}) 14... b5 15. a3 a5 16. f4 (16. f3 $14) 16... Bh5 $15 17. Bf3 Bxf3 18. Qxf3 Qb7 19. Be3 b4 20. axb4 axb4 21. Na4 c5 22. Nxc5 Bxc5 23. dxc5 Nxe4 24. Rxd8+ Rxd8 25. Rd1 {[%cal Rd1d8] [#]} Rd5 (25... Ra8 $11) 26. Rxd5 (26. c6 $14 Qc7 27. Rc1) 26... Qxd5 $11 {The position is equal.} 27. Qe2 b3 28. Qa6 Qd1+ 29. Kg2 $1 {[#] Threatening mate with Qc8+.} Qc2+ 30. Kf3 $1 {[%cal Ra6c8]} Qd1+ 31. Kg2 $1 {Qc8+ would kill now.} Qc2+ 32. Kf3 $1 {[%cal Ra6c8]} Qd1+ 33. Kg2 $1 {Weighted Error Value: White=0.09/Black=0.12} 1/2-1/2

[Event "GEO-ch 1st League 2021"]
[Site "Tbilisi"]
[Date "2021.03.30"]
[Round "2.2"]
[White "Azaladze, Shota"]
[Black "Donghvani, Nia"]
[Result "1-0"]
[WhiteElo "2439"]
[BlackElo "1985"]
[Annotator "ChessBase"]
[PlyCount "106"]
[EventDate "2021.03.29"]
[EventType "swiss"]
[EventCountry "GEO"]
[SourceTitle "playchess.com"]
[Source "ChessBase"]
[SourceQuality "1"]
[TimeControl "5400+30"]

1. b3 {[%emt 0:00:00]} c5 {[%emt 0:00:09]} 2. Bb2 {[%emt 0:00:00]} Nc6 {[%emt 0:00:06]} 3. f4 {[%emt 0:00:00]} d5 {[%emt 0:01:04]} 4. Nf3 {[%emt 0:00:00]} d4 {[%emt 0:02:29]} 5. g3 {[%emt 0:01:48]} Nf6 {[%emt 0:09:07]} 6. Bg2 {[%emt 0:04:32]} g6 {[%emt 0:00:02]} 7. O-O {[%emt 0:01:27]} Bg7 {[%emt 0:00:04]} 8. Na3 {[%emt 0:00:38]} O-O {[%emt 0:04:32]} 9. Nc4 {[%emt 0:06:51]} Rb8 {[%emt 0:03:06]} 10. e3 {[%emt 0:01:18]} Bf5 {[%emt 0:05:19]} 11. Re1 {[%emt 0:11:01]} d3 {[%emt 0:10:41]} 12. cxd3 {[%emt 0:04:03]} Bxd3 {[%emt 0:00:06]} 13. Nfe5 {[%emt 0:01:51]} Nb4 {[%emt 0:04:25]} 14. a3 {[%emt 0:05:06]} Na6 {[%emt 0:19:02]} 15. Nxd3 {[%emt 0:02:01]} Qxd3 {[%emt 0:00:02]} 16. Be5 {[%emt 0:02:51]} Nd7 {[%emt 0:10:52]} 17. Bxb8 {[%emt 0:01:51]} Bxa1 {[%emt 0:01:39]} 18. Bxa7 {[%emt 0:00:28]} b5 {[%emt 0:07:18]} 19. Bf1 {[%emt 0:02:32]} Qe4 {[%emt 0:02:08]} 20. Na5 {[%emt 0:02:53]} Bf6 {[%emt 0:04:13]} 21. Bxb5 {[%emt 0:00:36]} Qa8 {[%emt 0:01:22]} 22. Bxd7 {[%emt 0:01:04]} Qxa7 {[%emt 0:00:04]} 23. Bg4 {[%emt 0:00:50]} Nc7 {[%emt 0:00:57]} 24. Nc4 {[%emt 0:00:31]} Rd8 {[%emt 0:00:04]} 25. Bf3 {[%emt 0:01:39]} h5 {[%emt 0:01:00]} 26. Qc2 {[%emt 0:00:13]} Kg7 {[%emt 0:00:40]} 27. Rc1 {[%emt 0:00:56]} e6 {[%emt 0:04:24]} 28. Kf2 {[%emt 0:06:23]} Nd5 {[%emt 0:01:37]} 29. Ke2 {[%emt 0:01:35]} Qa6 {[%emt 0:01:08]} 30. Ke1 {[%emt 0:00:47]} Nb6 {[%emt 0:02:22]} 31. Nxb6 {[%emt 0:02:32]} Qxb6 {[%emt 0:00:02]} 32. Qc4 {[%emt 0:01:03]} Bb2 {[%emt 0:02:55]} 33. Qxc5 {[%emt 0:03:49]} Qxb3 {[%emt 0:00:40]} 34. Rb1 {[%emt 0:00:28]} Qxa3 {[%emt 0:01:24]} 35. Qxa3 {[%emt 0:03:42]} Bxa3 {[%emt 0:00:01]} 36. Ke2 {[%emt 0:00:12]} Rc8 {[%emt 0:01:23]} 37. Rb7 {[%emt 0:00:19]} Rc2 {[%emt 0:00:36]} 38. Rb3 {[%emt 0:02:00]} Ra2 {[%emt 0:00:42]} 39. Be4 {[%emt 0:00:24]} Be7 {[%emt 0:01:03]} 40. Bb1 {[%emt 0:00:15]} Ra7 {[%emt 0:00:16]} 41. d4 {[%emt 0:00:32]} Ra3 {[%emt 0:00:39]} 42. Rb7 {[%emt 0:00:10]} Bf8 {[%emt 0:00:37]} 43. h3 {[%emt 0:00:44]} Ra4 {[%emt 0:00:06]} 44. Be4 {[%emt 0:01:02]} Rb4 {[%emt 0:00:30]} 45. Rc7 {[%emt 0:00:10]} Rb2+ {[%emt 0:00:22]} 46. Kf3 {[%emt 0:00:45]} Rd2 {[%emt 0:00:42]} 47. Rb7 {[%emt 0:00:29]} Ra2 {[%emt 0:00:52]} 48. Bc6 {[%emt 0:00:17]} Kf6 {[%emt 0:00:28]} 49. Be8 {[%emt 0:00:11]} Be7 {[%emt 0:00:25]} 50. g4 {[%emt 0:00:08]} hxg4+ 51. hxg4 {[%emt 0:00:03]} e5 {[%emt 0:00:28]} 52. dxe5+ {[%emt 0:00:45]} Ke6 {[%emt 0:00:04]} 53. Rb6+ {[%emt 0:00:29]} Kd5 {[%emt 0:02:13]} 1-0

[Event "GEO-ch 1st League 2021"]
[Site "Tbilisi"]
[Date "2021.03.30"]
[Round "2.3"]
[White "Lomaia, Diana"]
[Black "Arabidze, Meri"]
[Result "0-1"]
[WhiteElo "1946"]
[BlackElo "2437"]
[Annotator "NA"]
[PlyCount "88"]
[EventDate "2021.03.29"]
[EventType "swiss"]
[EventCountry "GEO"]
[SourceTitle "playchess.com"]
[Source "ChessBase"]
[SourceQuality "1"]
[TimeControl "5400+30"]

1. d4 {[%emt 0:00:00]} Nf6 {[%emt 0:00:00]} 2. c4 {[%emt 0:00:00]} e6 {[%emt 0:00:00]} 3. g3 {[%emt 0:00:32]} d5 {[%emt 0:00:00]} 4. Nf3 {[%emt 0:00:18]} dxc4 {[%emt 0:00:17]} 5. Qa4+ {[%emt 0:01:40]} Nbd7 {[%emt 0:01:26]} 6. Bg2 {[%emt 0:02:05]} a6 {[%emt 0:01:28]} 7. Qxc4 {[%emt 0:01:23]} b5 {[%emt 0:00:36]} 8. Qd3 {[%emt 0:10:30]} Bb7 {[%emt 0:00:31]} 9. O-O {[%emt 0:02:40]} c5 {[%emt 0:00:36]} 10. Nh4 {[%emt 0:16:05]} Bxg2 {[%emt 0:03:41]} 11. Nxg2 {[%emt 0:00:31]} cxd4 {[%emt 0:04:04]} 12. Qxd4 {[%emt 0:01:38]} Bc5 {[%emt 0:00:19]} 13. Qh4 {[%emt 0:00:33]} O-O {[%emt 0:00:56]} 14. Be3 {[%emt 0:00:41]} Be7 {[%emt 0:03:59]} 15. Bd4 {[%emt 0:12:56]} Rc8 {[%emt 0:04:50]} 16. Nc3 {[%emt 0:03:57] [#]} (16. Ne3 $17 {was worth a try.}) 16... Rc4 $19 {[%emt 0:04:47]} 17. Ne3 {[%emt 0:21:18]} Nd5 {[%emt 0:02:37]} 18. Qg4 {[%emt 0:00:58]} N7f6 {[%emt 0:01:24]} 19. Qh4 {[%emt 0:01:50]} Nxe3 {[%emt 0:01:55]} 20. fxe3 {[%emt 0:00:23]} e5 {[%emt 0:00:24]} 21. b3 {[%emt 0:01:03]} exd4 {[%emt 0:01:29]} 22. bxc4 {[%emt 0:00:18]} dxc3 {[%emt 0:00:06]} 23. cxb5 {[%emt 0:01:18]} axb5 {[%emt 0:00:20]} 24. Rac1 {[%emt 0:04:02]} b4 {[%emt 0:03:21]} 25. Qd4 {[%emt 0:06:58]} Qxd4 {[%emt 0:03:23]} 26. exd4 {[%emt 0:00:06]} Ra8 {[%emt 0:00:07]} 27. Rc2 {[%emt 0:00:44]} Nd5 {[%emt 0:00:13]} 28. Rf3 {[%emt 0:01:23]} f5 {[%emt 0:00:28]} 29. Kf2 {[%emt 0:00:52]} g6 {[%emt 0:00:59]} 30. Rd3 {[%emt 0:02:19]} Bg5 {[%emt 0:01:31]} 31. h4 {[%emt 0:01:05]} Bd2 {[%emt 0:00:40]} 32. Kf3 {[%emt 0:01:31]} Re8 {[%emt 0:00:23]} 33. Rcxd2 {[%emt 0:00:21]} cxd2 {[%emt 0:00:21]} 34. Rxd2 {[%emt 0:00:02]} Re3+ {[%emt 0:00:27]} 35. Kf2 {[%emt 0:00:18]} Ra3 {[%emt 0:00:10]} 36. Rb2 {[%emt 0:00:08]} Kf7 {[%emt 0:00:28]} 37. Kg2 {[%emt 0:01:05]} Ke6 {[%emt 0:00:25]} 38. Kf2 {[%emt 0:00:59]} Kd6 {[%emt 0:00:25]} 39. e3 {[%emt 0:01:20]} Kc6 {[%emt 0:00:48]} 40. Rc2+ {[%emt 0:00:51]} Nc3 {[%emt 0:00:13]} 41. Kf3 {[%emt 0:00:05]} Rxa2 {[%emt 0:00:14]} 42. Rc1 {[%emt 0:00:03]} Kd5 {[%emt 0:00:25]} 43. g4 {[%emt 0:01:18]} Ne4 {[%emt 0:00:21]} 44. Kf4 {[%emt 0:00:11]} Rf2# {[%emt 1:00:53]} 0-1

[Event "GEO-ch 1st League 2021"]
[Site "Tbilisi"]
[Date "2021.03.30"]
[Round "2.4"]
[White "Bagaturov, Giorgi"]
[Black "Adamia, Jaba"]
[Result "1-0"]
[WhiteElo "2431"]
[BlackElo "1899"]
[Annotator "NA"]
[PlyCount "97"]
[EventDate "2021.03.29"]
[EventType "swiss"]
[EventCountry "GEO"]
[SourceTitle "playchess.com"]
[Source "ChessBase"]
[SourceQuality "1"]
[TimeControl "5400+30"]

1. d4 {[%emt 0:00:02]} Nf6 {[%emt 0:00:00]} 2. Nf3 {[%emt 0:00:28]} e6 {[%emt 0:00:00]} 3. c4 {[%emt 0:00:12]} b6 {[%emt 0:00:09]} 4. g3 {[%emt 0:01:15]} Bb7 {[%emt 0:00:49]} 5. Bg2 {[%emt 0:00:14]} Be7 {[%emt 0:02:42]} 6. O-O {[%emt 0:00:25]} O-O {[%emt 0:00:21]} 7. Re1 {[%emt 0:01:10]} d6 {[%emt 0:03:59]} 8. Nc3 {[%emt 0:07:51]} Ne4 {[%emt 0:13:53]} 9. Qc2 {[%emt 0:04:19]} (9. Ng5 $5 Bxg5 10. Bxg5 (10. Bxe4 Bxe4 11. Bxg5 Qxg5 $14 12. Nxe4 Qa5 $14) (10. Nxe4 Bxc1 11. Rxc1 Nd7 $14) 10... Qxg5 11. Nxe4 Bxe4 12. Bxe4 $14) 9... f5 {[%emt 0:00:20]} 10. d5 {[%emt 0:10:57]} Nxc3 {[%emt 0:05:47]} 11. Qxc3 {[%emt 0:01:18]} e5 {[%emt 0:00:12]} 12. e4 {[%emt 0:08:46]} Bc8 {[%emt 0:07:06]} 13. Be3 $11 {[%emt 0:05:46]} Qe8 {[%emt 0:21:45]} 14. exf5 {[%emt 0:22:17]} Bxf5 {[%emt 0:02:41]} 15. Ng5 {[%emt 0:09:22]} Bxg5 {[%emt 0:02:58]} 16. Bxg5 {[%emt 0:00:03]} Qg6 {[%emt 0:01:42]} 17. Be3 {[%emt 0:02:48]} Nd7 {[%emt 0:00:48]} 18. b4 {[%emt 0:03:59]} Nf6 {[%emt 0:05:33]} 19. c5 {[%emt 0:02:12]} Be4 {[%emt 0:09:26]} 20. Qc4 {[%emt 0:07:25]} Bxg2 {[%emt 0:09:31]} 21. Kxg2 {[%emt 0:00:04]} Qh5 {[%emt 0:00:17]} 22. f3 {[%emt 0:02:38]} e4 {[%emt 0:02:12]} 23. f4 {[%emt 0:06:27]} Qxd5 {[%emt 0:02:08]} 24. Qxd5+ {[%emt 0:00:36]} Nxd5 {[%emt 0:00:04]} 25. cxd6 {[%emt 0:00:30]} Nxb4 {[%emt 0:01:42]} 26. Re2 {[%emt 0:00:41]} cxd6 {[%emt 0:01:07]} 27. Bd2 {[%emt 0:00:09]} Nd3 {[%emt 0:03:58]} 28. Rxe4 {[%emt 0:00:09]} Rfe8 {[%emt 0:00:14]} 29. Kf3 {[%emt 0:00:53]} Nc5 {[%emt 0:01:14]} 30. Rd4 {[%emt 0:00:38]} Re6 {[%emt 0:00:48]} 31. f5 {[%emt 0:00:37]} Rf8 {[%emt 0:01:04]} 32. g4 {[%emt 0:00:59]} g6 {[%emt 0:00:47]} 33. Bf4 {[%emt 0:00:44]} gxf5 {[%emt 0:00:32]} 34. Bxd6 {[%emt 0:00:09]} fxg4+ {[%emt 0:00:33]} 35. Kg2 {[%emt 0:00:14]} Re2+ {[%emt 0:00:28]} 36. Kh1 {[%emt 0:00:45]} Rff2 {[%emt 0:00:33]} 37. Rxg4+ {[%emt 0:00:06]} Kf7 {[%emt 0:00:12]} 38. Rh4 {[%emt 0:01:18]} Ne4 {[%emt 0:00:52]} 39. Bg3 {[%emt 0:00:30]} Nxg3+ {[%emt 0:00:26]} 40. hxg3 {[%emt 0:00:04]} Kg6 {[%emt 0:00:35]} 41. a4 {[%emt 0:00:25]} h5 {[%emt 0:00:28]} 42. g4 {[%emt 0:00:40]} hxg4 {[%emt 0:00:31]} 43. Rxg4+ {[%emt 0:00:05]} Kf6 {[%emt 0:00:13]} 44. Rh4 {[%emt 0:01:05]} Ra2 {[%emt 0:00:42]} 45. Re1 {[%emt 0:00:41]} Kg5 {[%emt 0:00:28]} 46. Rh8 {[%emt 0:00:23]} Kf4 {[%emt 0:00:37]} 47. Rf8+ {[%emt 0:00:34]} Kg3 {[%emt 0:00:11]} 48. Rg1+ {[%emt 0:00:05]} Rg2 {[%emt 0:00:12]} 49. Rxg2+ {[%emt 0:00:05]} 1-0

[Event "GEO-ch 1st League 2021"]
[Site "Tbilisi"]
[Date "2021.03.30"]
[Round "2.5"]
[White "Mindiashvili, Tengiz"]
[Black "Tutisani, Noe"]
[Result "0-1"]
[WhiteElo "1923"]
[BlackElo "2427"]
[Annotator "NA"]
[PlyCount "104"]
[EventDate "2021.03.29"]
[EventType "swiss"]
[EventCountry "GEO"]
[SourceTitle "playchess.com"]
[Source "ChessBase"]
[SourceQuality "1"]
[TimeControl "5400+30"]

1. e4 {[%emt 0:00:00]} c5 {[%emt 0:00:00]} 2. Nf3 {[%emt 0:00:00]} e6 {[%emt 0:00:00]} 3. d4 {[%emt 0:00:00]} cxd4 {[%emt 0:00:00]} 4. Nxd4 {[%emt 0:00:03]} a6 {[%emt 0:00:00]} 5. Nc3 {[%emt 0:00:20]} b5 {[%emt 0:00:00]} 6. Bd3 {[%emt 0:00:35]} Qb6 {[%emt 0:00:05]} 7. Nb3 {[%emt 0:00:15]} Qc7 {[%emt 0:00:05]} 8. Qe2 {[%emt 0:02:47]} Bb7 {[%emt 0:01:36]} 9. O-O {[%emt 0:04:41]} b4 {[%emt 0:03:54]} 10. Nd1 {[%emt 0:04:10]} Nf6 {[%emt 0:00:11]} 11. e5 {[%emt 0:01:57]} Nd5 {[%emt 0:00:07]} 12. f4 {[%emt 0:01:49]} Nc6 {[%emt 0:03:12]} 13. Ne3 {[%emt 0:01:06]} Nb6 {[%emt 0:03:20]} 14. Nc4 {[%emt 0:03:22]} ({Better is} 14. Bd2 $14) 14... Nxc4 {[%emt 0:00:43]} 15. Bxc4 {[%emt 0:00:02]} Rc8 {[%emt 0:07:22]} 16. Bd3 {[%emt 0:00:20]} ({Don't go for} 16. Bxa6 $2 Qb6+ {[%mdl 64] Double Attack} 17. Be3 Bxa6 $19) 16... a5 {[%emt 0:04:26]} 17. Be3 {[%emt 0:00:08]} a4 {[%emt 0:00:03]} 18. Nd2 {[%emt 0:03:45]} Ne7 {[%emt 0:06:15]} 19. Ne4 {[%emt 0:03:23]} Nf5 {[%emt 0:04:39]} 20. Bf2 {[%emt 0:01:00]} Bxe4 {[%emt 0:00:08]} 21. Bxe4 {[%emt 0:00:11]} Bc5 {[%emt 0:00:02]} 22. Qd3 {[%emt 0:07:11]} g6 {[%emt 0:04:26]} 23. Rad1 {[%emt 0:01:51]} d5 $11 {[%emt 0:07:12]} 24. exd6 {[%emt 0:14:54]} Nxd6 {[%emt 0:00:34]} 25. Bf3 {[%emt 0:04:38]} O-O {[%emt 0:00:23]} 26. Bxc5 {[%emt 0:04:13]} Qxc5+ {[%emt 0:02:45]} 27. Qd4 {[%emt 0:01:07]} Nc4 {[%emt 0:06:12]} 28. Qxc5 {[%emt 0:02:51]} Rxc5 {[%emt 0:01:58]} 29. Rd4 {[%emt 0:01:56]} Rb8 {[%emt 0:01:29]} 30. c3 {[%emt 0:02:50]} b3 {[%emt 0:01:20]} 31. axb3 {[%emt 0:01:13]} Rxb3 {[%emt 0:00:05]} 32. f5 {[%emt 0:12:07]} gxf5 {[%emt 0:01:10]} 33. Rd8+ {[%emt 0:01:08]} Kg7 {[%emt 0:00:05]} 34. Ra8 {[%emt 0:00:02]} Nxb2 {[%emt 0:00:41]} 35. Ra7 {[%emt 0:00:39]} Rbxc3 {[%emt 0:00:06]} 36. g4 {[%emt 0:01:55]} f4 {[%emt 0:00:17]} 37. h4 {[%emt 0:00:17]} h6 {[%emt 0:00:45]} 38. h5 {[%emt 0:00:14]} a3 {[%emt 0:01:00]} 39. Be4 {[%emt 0:00:33]} Rg3+ {[%emt 0:00:11]} 40. Kh2 {[%emt 0:00:17]} Rxg4 {[%emt 0:02:11]} 41. Bg6 {[%emt 0:00:02]} Kf6 {[%emt 0:01:10]} 42. Rxf7+ {[%emt 0:00:23]} Kg5 {[%emt 0:00:02]} 43. Ra7 {[%emt 0:01:54]} Rc3 {[%emt 0:00:07]} 44. Rg1 {[%emt 0:02:57]} Rxg1 {[%emt 0:00:52]} 45. Kxg1 {[%emt 0:00:01]} Nc4 {[%emt 0:01:16]} 46. Kf2 {[%emt 0:01:25]} Ne5 {[%emt 0:00:21]} 47. Ra5 {[%emt 0:00:21]} Kf6 {[%emt 0:00:06]} 48. Be4 {[%emt 0:00:27]} Re3 {[%emt 0:00:09]} 49. Ra4 {[%emt 0:00:23]} Kg5 {[%emt 0:00:44]} 50. Bb1 {[%emt 0:00:40]} Ng4+ {[%emt 0:00:25]} 51. Kf1 {[%emt 0:00:19]} Rc3 {[%emt 0:00:13]} 52. Be4 {[%emt 0:00:21]} f3 {[%emt 0:00:05]} 0-1

[Event "GEO-ch 1st League 2021"]
[Site "Tbilisi"]
[Date "2021.03.30"]
[Round "2.6"]
[White "Esadze, Tamari"]
[Black "Lortkipanidze, Nodar"]
[Result "0-1"]
[WhiteElo "1889"]
[BlackElo "2416"]
[Annotator "ChessBase"]
[PlyCount "54"]
[EventDate "2021.03.29"]
[EventType "swiss"]
[EventCountry "GEO"]
[SourceTitle "playchess.com"]
[Source "ChessBase"]
[SourceQuality "1"]
[TimeControl "5400+30"]

1. e4 {[%emt 0:00:00]} c5 {[%emt 0:00:00]} 2. Nf3 {[%emt 0:00:00]} d6 {[%emt 0:00:00]} 3. d4 {[%emt 0:00:00]} cxd4 {[%emt 0:00:00]} 4. Nxd4 {[%emt 0:00:00]} Nf6 {[%emt 0:00:03]} 5. Nc3 {[%emt 0:00:00]} g6 {[%emt 0:00:26]} 6. Be3 {[%emt 0:00:00]} Bg7 {[%emt 0:00:07]} 7. f3 {[%emt 0:00:01]} Nc6 {[%emt 0:00:16]} 8. Qd2 {[%emt 0:00:12]} O-O {[%emt 0:00:07]} 9. Bc4 {[%emt 0:00:04]} Bd7 {[%emt 0:00:15]} 10. O-O-O {[%emt 0:00:15]} Rb8 {[%emt 0:00:25]} 11. h4 {[%emt 0:06:04]} b5 {[%emt 0:00:26]} 12. Nxc6 {[%emt 0:03:51]} Bxc6 {[%emt 0:00:11]} 13. Bd5 {[%emt 0:01:08]} b4 {[%emt 0:03:21]} 14. Ne2 {[%emt 0:03:25]} Bxd5 {[%emt 0:03:58]} 15. exd5 {[%emt 0:00:05]} Qa5 {[%emt 0:00:27]} 16. Kb1 {[%emt 0:00:47]} Rb5 {[%emt 0:01:32]} 17. Nf4 {[%emt 0:05:08]} Rc8 {[%emt 0:01:39]} 18. g4 {[%emt 0:12:32]} Rc3 {[%emt 0:05:11]} 19. Bd4 {[%emt 0:08:48]} Rxf3 {[%emt 0:01:42]} 20. Rhe1 {[%emt 0:03:00]} Rxf4 {[%emt 0:06:34]} 21. Qxf4 {[%emt 0:18:57]} Nxd5 {[%emt 0:00:08]} 22. Qe4 {[%emt 0:00:03]} Nc3+ {[%emt 0:01:11]} 23. Bxc3 {[%emt 0:00:39]} bxc3 {[%emt 0:00:05]} 24. Qa8+ {[%emt 0:00:18]} Bf8 {[%emt 0:00:05]} 25. Kc1 {[%emt 0:01:55]} Rxb2 {[%emt 0:00:21]} 26. Rd3 {[%emt 0:03:05]} Rxa2 {[%emt 0:01:35]} 27. Kd1 {[%emt 0:00:03]} Ra1+ {[%emt 0:00:12]} 0-1